Movies Quiz

Random Movies or Disney Quiz

Things Rapunzel Does Before Her Life Begins Quiz Stats

Quiz Updated Oct 6, 2016

Challenge
Share
Tweet
Embed
Score 0/26 Timer 05:00
3 Plays Today
% Correct
Brush Hair
91.1%
Read Book
90.9%
Paint the Wall
90.2%
Sweep
89.5%
Re-read Book
89.4%
Sweep Again
88.3%
Bake
87%
Sew a Dress
86.5%
Candle-Making
84.1%
Cook
81.9%
Play Chess
80.9%
Sketch
80.2%
Mop
79.6%
% Correct
Pottery
79.4%
Stretch
76.2%
Ventriloquy
74.1%
Paper-Mache
73.9%
Knit
73.2%
Ballet
71.8%
Play Guitar
69.8%
Climb
68.2%
Puzzles
68%
Do Laundry
67.6%
Polish
67.3%
Darts
60.3%
Wax
54.6%

You're not logged in!

Compare scores with friends on all Sporcle quizzes.
Join for Free
OR
Log In

You Might Also Like...

Show Comments

Extras

Top Quizzes Today


Score Distribution

Your Account Isn't Verified!

In order to create a playlist on Sporcle, you need to verify the email address you used during registration. Go to your Sporcle Settings to finish the process.

Report this User

Report this user for behavior that violates our Community Guidelines.

Details: